| 000 | 00548nam a22001817a 4500 | ||
|---|---|---|---|
| 003 | ASAB | ||
| 005 | 20180827062812.0 | ||
| 008 | 180226t xxu||||| |||| 00| 0 eng d | ||
| 040 | _cASAB | ||
| 082 | _aThesis 2016 G | ||
| 100 |
_aGulsanga-sup-Dr. Attya Bhatti _93532 |
||
| 245 |
_aTH-MS-Genetic and Epigenetic Regulation of Adipsin Gene in Type 2 Diabetes Mellitus _cGulsanga-sup-Dr. Attya Bhatti |
||
| 250 | _a2016 | ||
| 260 |
_aIslamabad _bASAB NUST Islamabad. _c2016 |
||
| 300 | _a73 P | ||
| 630 |
_atype 2 Diabetes _93533 |
||
| 942 |
_2ddc _cTH |
||
| 999 |
_c480736 _d480736 |
||